000 00393pab a2200145 454500
008 180718b2004 xxu||||| |||| 00| 0 eng d
100 _aMukherjee, Dhurjati
245 _aChanging socio-economic parameters: alternative strategy imperative
260 _c2004
300 _ap.4-5.
362 _a18 Sep
650 _aEconomic and social development
773 _aYoung Indian
909 _a62581
999 _c62581
_d62581